<?xml version="1.0" encoding="UTF-8"?>
<collection xmlns="http://www.loc.gov/MARC21/slim">
    <record>
        <controlfield tag="001">85455</controlfield>
        <controlfield tag="005">20191118120727.0</controlfield>
        <datafield tag="024" ind1="8" ind2=" ">
            <subfield code="2">sideral</subfield>
            <subfield code="a">114642</subfield>
        </datafield>
        <datafield tag="037" ind1=" " ind2=" ">
            <subfield code="a">ART-2016-114642</subfield>
        </datafield>
        <datafield tag="041" ind1=" " ind2=" ">
            <subfield code="a">spa</subfield>
        </datafield>
        <datafield tag="100" ind1=" " ind2=" ">
            <subfield code="0">(orcid)0000-0002-2662-1070</subfield>
            <subfield code="a">Sancho Domingo, Carlos</subfield>
            <subfield code="u">Universidad de Zaragoza</subfield>
        </datafield>
        <datafield tag="245" ind1=" " ind2=" ">
            <subfield code="a">Constantino Láscaris Comneno y el pensamiento político centroamericano</subfield>
        </datafield>
        <datafield tag="260" ind1=" " ind2=" ">
            <subfield code="c">2016</subfield>
        </datafield>
        <datafield tag="506" ind1="0" ind2=" ">
            <subfield code="a">Access copy available to the general public</subfield>
            <subfield code="f">Unrestricted</subfield>
        </datafield>
        <datafield tag="520" ind1="3" ind2=" ">
            <subfield code="a">El artículo recupera la figura, la obra y la influencia intelectual y social del filósofo español, posteriormente nacionalizado costarricense, Constantino Láscaris Comneno (1923, Zaragoza-1979, San José de Costa Rica). Doctorado en Filosofía por la Universidad de Madrid y durante un tiempo profesor en la misma, en 1956 Láscaris llegó a la Universidad de Costa Rica invitado por el rector de ésta para incorporarse a su plantilla profesoral. Desde su nueva cátedra en la Facultad de Filosofía de dicha Universidad, Constantino contribuyó a los debates que en las décadas de 1950 a 1970 se mantenían en Costa Rica a cuenta de su identidad como nación. Un debate en el que Láscaris optó por incorporar la historia de las ideas políticas de esa nación en el más amplio marco regional centroamericano. Apostó para ello por una lectura liberal de la historia del istmo, escogiendo aquellos elementos que desde esta corriente ideológica y a partir de las décadas finales del siglo XIX, mejor ilustraban el proceso de formación de sus distintas naciones.</subfield>
        </datafield>
        <datafield tag="540" ind1=" " ind2=" ">
            <subfield code="9">info:eu-repo/semantics/openAccess</subfield>
            <subfield code="a">All rights reserved</subfield>
            <subfield code="u">http://www.europeana.eu/rights/rr-f/</subfield>
        </datafield>
        <datafield tag="655" ind1=" " ind2="4">
            <subfield code="a">info:eu-repo/semantics/article</subfield>
            <subfield code="v">info:eu-repo/semantics/publishedVersion</subfield>
        </datafield>
        <datafield tag="710" ind1="2" ind2=" ">
            <subfield code="1">3009</subfield>
            <subfield code="2">450</subfield>
            <subfield code="a">Universidad de Zaragoza</subfield>
            <subfield code="b">Dpto. Historia Moder. Contemp.</subfield>
            <subfield code="c">Área Historia Contemporánea</subfield>
        </datafield>
        <datafield tag="773" ind1=" " ind2=" ">
            <subfield code="g">101 (2016), 157-167</subfield>
            <subfield code="p">Rev temas nicarag.</subfield>
            <subfield code="t">Revista de temas Nicaragüenses</subfield>
            <subfield code="x">2164-4268</subfield>
        </datafield>
        <datafield tag="856" ind1="4" ind2="1">
            <subfield code="u">https://www.temasnicas.net/rtn101.pdf</subfield>
            <subfield code="z">Texto completo de la revista</subfield>
        </datafield>
        <datafield tag="856" ind1="4" ind2=" ">
            <subfield code="s">260576</subfield>
            <subfield code="u">http://zaguan.unizar.es/record/85455/files/texto_completo.pdf</subfield>
            <subfield code="y">Versión publicada</subfield>
        </datafield>
        <datafield tag="856" ind1="4" ind2=" ">
            <subfield code="s">112698</subfield>
            <subfield code="u">http://zaguan.unizar.es/record/85455/files/texto_completo.jpg?subformat=icon</subfield>
            <subfield code="x">icon</subfield>
            <subfield code="y">Versión publicada</subfield>
        </datafield>
        <datafield tag="909" ind1="C" ind2="O">
            <subfield code="o">oai:zaguan.unizar.es:85455</subfield>
            <subfield code="p">articulos</subfield>
            <subfield code="p">driver</subfield>
        </datafield>
        <datafield tag="951" ind1=" " ind2=" ">
            <subfield code="a">2019-11-18-09:52:02</subfield>
        </datafield>
        <datafield tag="980" ind1=" " ind2=" ">
            <subfield code="a">ARTICLE</subfield>
        </datafield>
    </record>

    
</collection>